La organización de las organizaciones sociales: aplicaciones desde perspectivas sistémicas

Sparad:
Bibliografiska uppgifter
Huvudupphovsmän: Arnold-Cathalifaud, Marcelo (Författare, medförfattare), Cadenas, Hugo (Författare, medförfattare), Urquiza, Anahí (Författare, medförfattare)
Materialtyp: Bok
Språk:spanska
Publicerad: Santiago Ril Editores 2014
Upplaga:1a. ed
Serie:Bibliodiversidad
Ämnen:
Taggar: Lägg till en tagg
Inga taggar, Lägg till första taggen!

MARC

LEADER 00000cam a2200000 a 4500
001 UCE5773
003 CL-VaPUC
008 150305e20140000cl |||||||||||||||||spa|d
020 |a 9789560100986 
082 0 4 |a 302.14  |b ARN  |2 21 
100 0 |a Arnold-Cathalifaud, Marcelo  |e author  |9 578446 
700 0 |a Cadenas, Hugo  |e author  |9 578447 
700 0 |a Urquiza, Anahí  |e author  |9 578448 
245 1 3 |a La organización de las organizaciones sociales: aplicaciones desde perspectivas sistémicas 
250 |a 1a. ed 
300 |a 494 p 
942 |c BK 
945 |d 20150305 12:52:00  |a arojas 
260 |a Santiago  |b Ril Editores  |c 2014 
650 0 |a Sociología   |9 255410 
650 7 |a ORGANIZACIONES SOCIALES  |2 CL-VaPUC  |9 375889 
650 0 |a Participación social  |9 256140 
583 |a last modification  |c 20150305 12:52:00  |k Rodrigo Vera 
490 0 |a Bibliodiversidad 
999 |c 358378  |d 358376 
952 |0 0  |1 0  |3 erb  |4 0  |6 302_140000000000000_ARN_2014  |7 0  |8 A  |9 467043  |a BIBCUR  |b BIBCUR  |i 5137675  |o 302.14 ARN 2014  |p 5137675  |r 2025-04-22  |w 2019-11-23  |y BK  |z Catalogado en:20150305  |k PER